| 000 | 00752nam a2200193Ia 4500 | ||
|---|---|---|---|
| 008 | 151121s9999||||xx |||||||||||||| ||und|| | ||
| 082 | _a789/वशिष्ठ | ||
| 082 | _bHNW-58538 | ||
| 100 | _aवशिष्ठ पं। सत्यनारायण | ||
| 245 | _aकायदा और पेशकार | ||
| 260 | _b"संगीत कार्यालय, हाथरस,उत्तरप्रदेश" | ||
| 260 | _c-- | ||
| 300 | _a140 | ||
| 600 | _aवशिष्ठ पं। सत्यनारायण | ||
| 630 | _aकायदा और पेशकार | ||
| 700 | _aवशिष्ठ पं। सत्यनारायण | ||
| 730 | _aकायदा और पेशकार | ||
| 942 | _cBOOK | ||
| 999 |
_c1240354 _d1240351 |
||